000 00724cam a22002413a 4500
001 18724
003 PGUSA
005 20140828083410.0
008 060701s2006||||xxu|||||s|||||000 | eng d
040 _aPGUSA
_beng
042 _adc
050 4 _aND
100 1 _aGoncourt, Edmond de,
_d1822-1896
245 1 0 _aHokousaï :
_bL'art japonais au XVII Siècle
_h[electronic resource] /
_cEdmond de Goncourt
260 _bProject Gutenberg,
_c2006
506 _aPublic domain in the USA.
516 _aElectronic text
653 _aKatsushika, Hokusai, 1760-1849
653 _aArt, Japanese -- Edo period, 1600-1868
830 0 _aProject Gutenberg
_v18724
856 4 0 _uhttp://www.gutenberg.org/ebooks/18724
942 _cEB
999 _c247979
_d247979